Road back to nature: regaing the paradise lost (Record no. 381528)

000 -LEADER
fixed length control field 00422cam a22001457a 4500
008 - FIXED-LENGTH DATA ELEMENTS--GENERAL INFORMATION
fixed length control field 180718b1996 xxu||||| |||| 00| 0 eng d
082 ## - DEWEY DECIMAL CLASSIFICATION NUMBER
Classification number Z F955r
100 ## - MAIN ENTRY--PERSONAL NAME
Personal name Fukuoka, Masanobu
245 ## - TITLE STATEMENT
Title Road back to nature: regaing the paradise lost
Statement of responsibility, etc. by Masanobu Fukuoka
260 ## - PUBLICATION, DISTRIBUTION, ETC.
Place of publication, distribution, etc. Madras
Name of publisher, distributor, etc. Bookventure
Date of publication, distribution, etc. 1996
300 ## - PHYSICAL DESCRIPTION
Extent 377p.
650 ## - SUBJECT ADDED ENTRY--TOPICAL TERM
Topical term or geographic name entry element Natural foods
650 ## - SUBJECT ADDED ENTRY--TOPICAL TERM
Topical term or geographic name entry element Agricultural processing
650 ## - SUBJECT ADDED ENTRY--TOPICAL TERM
Topical term or geographic name entry element Agricultural systems
Holdings
Withdrawn status Lost status Damaged status Not for loan Permanent Location Current Location Date acquired Full call number Barcode Date last seen Price effective from Koha item type
        Indian Institute of Public Administration Indian Institute of Public Administration 1997-05-29 Z F955r 72019 2018-07-21 2018-07-21 Book

Powered by Koha